000 03611cam a22004814i 4500
003 PE-LiUPU
005 20250731173052.0
008 180305s2017 ne r 001 0 eng d
020 _a9789004338531
035 _a(Sirsi) a241419
040 _aPE-LiUPU
_bspa
_cPE-LiUPU
_erda
049 _aPRUA
082 0 4 _a202.16
_bD5
_223
245 0 0 _aDemons and illness from antiquity to the early-modern period /
_cedited by Siam Bhayro and Catherine Rider.
264 1 _aLeiden :
_bBrill,
_c2017.
300 _axiv, 433 páginas ;
_c25 centímetros.
336 _atext
_2rdacontent
337 _aunmediated
_2rdamedia
338 _avolume
_2rdacarrier
490 0 _aMagical and religious literature of Late Antiquity,
_x2211-016X ;
_vVolume 5
504 _aÍndices : páginas 419-433.
505 _aIntroduction / Siam Bhayro and Catherine Rider -- Ancient Mesopotamia and Egypt. Shifting Alignments : The Dichotomy of Benevolent and Malevolent Demons in Mesopotamia / Gina Konstantopoulos -- The Natural and Supernatural Aspects of Fever in Mesopotamian Medical Texts / András Bácksay -- Illness as Divine Punishment : The Nature and Function of the Disease-Carrier Demons in the Ancient Egyptian Magical Texts / Rita Lucarelli -- Demons at Work in Ancient Mesopotamia / Lorenzo Verderame -- Second Temple Judaism and Late Antiquity. Demons and Illness in Second Temple Judaism : Theory and Practice / Ida Fröhlich -- Illness and Healing through Spell and Incantation in the Dead Sea Scrolls / David Hamidović -- Conceptualizing Demons in Late Antique Judaism / Gideon Bohak -- Oneiric Aggressive Magic : Sleep Disorders in Late Antique Jewish Tradition / Alessia Bellusci -- The Influence of Demons on the Human Mind According to Athenagoras and Tatian / Chiara Crosignani -- Demonic Anti-Music and Spiritual Disorder in the Life of Antony / Sophie Sawicka-Sykes -- Over-eating Demoniacs in Late Antique Hagiography / Sophie Lunn-Rockliffe -- Medieval. Miracles and Madness: Dispelling Demons in Twelfth-Century Hagiography / Anne E. Bailey -- Demons in Lapidaries? The Evidence of the Madrid MS Escorial, h.I.15 / M. Carolina Escobar Vargas -- The Melancholy of the Necromancer in Arnau de Vilanova's Epistle against Demonic Magic / Sebastià Giralt -- Demons, Illness and Spiritual Aids in Natural Magic and Image Magic / Lauri Ockenström -- Between Medicine and Magic : Spiritual Aetiology and Therapeutics in Medieval Islam / Liana Saif -- Demons, Saints, and the Mad in the Twelfth-Century Miracles of Thomas Becket / Claire Trenery -- Early Modernity. The Post-Reformation Challenge to Demonic Possession / Harman Bhogal -- From A Discoverie to The Triall of Witchcraft : Doctor Cotta and Godly John / Pierre Kapitaniak -- Healing with Demons? Preternatural Philosophy and Superstitious Cures in Spanish Inquisitorial Courts / Bradley J. Mollmann -- Afterword : Pandaemonium / Peregrine Horden.
526 _aSEG42
526 _aSEG41
526 _aSEG40
526 _aSEG39
526 _aP94
526 _aP87
526 _aP86
526 _aP85
526 _aP77
526 _aP76
526 _aP35
650 0 _aDemonology
_xHistory.
650 0 _aDemonología
_xHistoria.
700 1 _aBhayro, Siam,
_eeditor.
910 _adbm
_bjpc
_cjpc
_d20180305
942 _2ddc
_cBOOK
994 _aC0
_bPEPRU
596 _a1
999 _a202.16 D5
_wDEWEY
_c27057
_i78387
_f2021-11-9
_g4
_lCCODEBUL1
_mBUL
_p121.00
_r0
_sY
_tBOOK
_u2018-3-5
_xTEOLOGIA
_PP35
_0COMPRA
_o.STAFF. Colección Teología
_d27057
980 _81
_gALBERTO SANCHEZ Responsable de Automatización